[Event "Sochi"]
[Site "Sochi"]
[Date "1985.??.??"]
[Round "?"]
[White "Horvath, Jozsef"]
[Black "Psakhis, Lev"]
[Result "1/2-1/2"]
[WhiteElo "2520"]
[BlackElo "2555"]
[PlyCount "81"]
[EventDate "1985.09.??"]
[Source "ChessBase"]

1. e4 e5 2. Nf3 Nc6 3. Bb5 a6 4. Ba4 Nf6 5. O-O Be7 6. Bxc6 dxc6 7. d3 Nd7 8. Nbd2 O-O 9. Nc4 f6 10. Nh4 Nc5 11. Nf5 Bxf5 12. exf5 Qd5 13. Qg4 a5 14. b3 Qd4 15. Qxd4 exd4 16. Re1 Kf7 17. Ba3 b6 18. Re2 Rfd8 19. Rae1 Bf8 20. Re6 Nxe6 21. fxe6+ Kg6 22. e7 Bxe7 23. Rxe7 Re8 24. Rxe8 Rxe8 25. Kf1 Kf5 26. Bc1 Re7 27. Bd2 Ke6 28. g4 Kd5 29. h4 Re8 30. h5 Re7 31. f4 f5 32. g5 Re8 33. Ne5 Ra8 34. a4 Re8 35. Nf3 b5 36. Kf2 g6 37. h6 Re7 38. Bc1 c5 39. Bb2 c6 40. c4+ Kd6 41. Bc1 1/2-1/2

[Event "Titovo Uzice"]
[Site "?"]
[Date "1978.??.??"]
[Round "13"]
[White "Ermenkov Evgenij"]
[Black "Smejkal Jan"]
[Result "1/2-1/2"]
[WhiteElo "2520"]
[BlackElo "2555"]
[PlyCount "37"]
[EventDate "1978.??.??"]
[Source "www.chesslib.no"]
[SourceDate "2004.05.04"]

1. e4 e5 2. Nf3 Nc6 3. Bb5 a6 4. Ba4 Nf6 5. O-O Be7 6. Bxc6 dxc6 7. Qe1 c5 8. Nxe5 Qd4 9. Nf3 Qxe4 10. Qxe4 Nxe4 11. Re1 Nf6 12. d4 cxd4 13. Nxd4 c5 14. Nf3 h6 15. Nc3 Be6 16. Ne5 O-O 17. Ng6 Rfe8 18. Nxe7+ Rxe7 19. Be3 1/2-1/2

[Event "Neu Isenburg Open"]
[Site "Neu Isenburg"]
[Date "1992.04.25"]
[Round "6"]
[White "Shabalov, Alexander"]
[Black "Smejkal, Jan"]
[Result "1/2-1/2"]
[WhiteElo "2535"]
[BlackElo "2535"]
[PlyCount "76"]
[EventDate "1992.04.24"]
[Source "www.chesslib.no"]
[SourceDate "2004.05.04"]

1. e4 e5 2. Nf3 Nc6 3. Bb5 a6 4. Ba4 Nf6 5. O-O Be7 6. Bxc6 dxc6 7. Qe1 c5 8. b3 Nd7 9. Bb2 Bd6 10. d3 O-O 11. Nbd2 b5 12. a4 Bb7 13. Qe3 Re8 14. g3 Nb8 15. Nh4 Nc6 16. c3 Rb8 17. Ba3 Qe7 18. Nf5 Qf8 19. f4 exf4 20. gxf4 Ne7 21. Nxe7+ Qxe7 22. Qg3 f6 23. axb5 axb5 24. c4 Qd7 25. Bb2 Re6 26. Rf2 Bf8 27. Re1 Rd8 28. Re3 f5 29. exf5 Rxe3 30. Qxe3 Qxf5 31. Ne4 Qg4+ 32. Ng3 Qd1+ 33. Nf1 Rxd3 34. Qe6+ Kh8 35. Qf5 Kg8 36. Qe6+ Kh8 37. Qf5 Kg8 38. Qe6+ Kh8 1/2-1/2

[Event "Groningen op"]
[Site "Groningen"]
[Date "1993.??.??"]
[Round "11"]
[White "Zagrebelny, Sergey"]
[Black "Frolov, Artur"]
[Result "1-0"]
[WhiteElo "2535"]
[BlackElo "2535"]
[PlyCount "105"]
[EventDate "1993.12.??"]
[Source "ChessBase"]

1. e4 e5 2. Nf3 Nc6 3. Bb5 a6 4. Ba4 Nf6 5. O-O Be7 6. Bxc6 dxc6 7. d3 Nd7 8. Nc3 O-O 9. Ne2 Bd6 10. Ng3 Nc5 11. c3 Re8 12. Re1 f6 13. d4 exd4 14. cxd4 Bxg3 15. dxc5 Qxd1 16. Rxd1 Be5 17. Nxe5 fxe5 18. Bd2 Kf7 19. Ba5 b6 20. Bc3 bxc5 21. Rd3 c4 22. Rf3+ Kg8 23. Rg3 g6 24. Rg5 Rb8 25. Rxe5 Rxe5 26. Bxe5 Rb5 27. Bc3 Kf7 28. Rd1 Ke7 29. f3 Be6 30. g4 c5 31. g5 Rb8 32. Kf2 Ke8 33. Kg3 Rd8 34. Rxd8+ Kxd8 35. Kf4 Bh3 36. Ke5 Kd7 37. Bd2 Ke7 38. a3 Bg2 39. f4 Kf7 40. Ba5 c6 41. Bc3 Ke7 42. a4 Bf3 43. a5 Bd1 44. h4 Be2 45. Be1 Kf7 46. Bf2 Bd1 47. f5 Bc2 48. h5 gxh5 49. Kf4 Kg7 50. e5 h6 51. g6 c3 52. bxc3 Bb3 53. e6 1-0

[Event "TCh-SCG"]
[Site "Petrovac"]
[Date "2004.05.20"]
[Round "5"]
[White "Solak, Dragan"]
[Black "Blagojevic, Dragisa"]
[Result "1/2-1/2"]
[WhiteElo "2552"]
[BlackElo "2514"]
[PlyCount "79"]
[EventDate "2004.05.16"]
[Source "Roberto Alvarez"]
[SourceDate "2004.05.24"]

1. e4 e5 2. Nf3 Nc6 3. Bb5 a6 4. Ba4 Nf6 5. O-O Be7 6. Bxc6 dxc6 7. d3 Nd7 8. Nbd2 O-O 9. Nc4 f6 10. Nh4 Nc5 11. Nf5 Bxf5 12. exf5 Qd5 13. Qg4 Rfe8 14. Re1 Rad8 15. Nd2 Bf8 16. h3 Qd4 17. Qxd4 Rxd4 18. Nc4 Rd5 19. Bd2 b6 20. Re2 Red8 21. b3 R5d7 22. Bc3 Nb7 23. g4 Nd6 24. Nxd6 cxd6 25. f4 Re7 26. Kg2 exf4 27. Rxe7 Bxe7 28. Re1 Kf7 29. Bd2 Re8 30. Bxf4 Bf8 31. Rxe8 Kxe8 32. c4 d5 33. Kf3 b5 34. h4 Kf7 35. cxd5 cxd5 36. Be3 Bd6 37. Bd4 g6 38. fxg6+ Kxg6 39. h5+ Kf7 40. Be3 1/2-1/2

[Event "Biel op"]
[Site "Biel"]
[Date "1995.??.??"]
[Round "11"]
[White "Klovans, Janis"]
[Black "Romanishin, Oleg M"]
[Result "1/2-1/2"]
[WhiteElo "2485"]
[BlackElo "2580"]
[PlyCount "40"]
[EventDate "1995.07.??"]
[Source "ChessBase"]

1. e4 e5 2. Nf3 Nc6 3. Bb5 a6 4. Ba4 Nf6 5. O-O Be7 6. Bxc6 dxc6 7. d3 Nd7 8. Nbd2 O-O 9. Nc4 Bd6 10. d4 Qe7 11. dxe5 Nxe5 12. Ncxe5 Bxe5 13. Nxe5 Qxe5 14. Re1 Re8 15. Re3 Be6 16. Bd2 Rad8 17. Qc1 f6 18. Bc3 Qf4 19. Qe1 Rd7 20. h3 Red8 1/2-1/2

[Event "Minsk"]
[Site "Minsk"]
[Date "1996.??.??"]
[Round "6"]
[White "Kruppa, Yuri"]
[Black "Kupreichik, Viktor D"]
[Result "1-0"]
[WhiteElo "2580"]
[BlackElo "2485"]
[PlyCount "121"]
[EventDate "1996.??.??"]
[Source "ChessBase"]

1. e4 e5 2. Nf3 Nc6 3. Bb5 a6 4. Ba4 Nf6 5. O-O Be7 6. Bxc6 dxc6 7. d3 Bd6 8. d4 Nxe4 9. Qe2 Bf5 10. dxe5 Bc5 11. Be3 Bxe3 12. Qxe3 Qd5 13. Nd4 Bg6 14. Nb3 b6 15. f3 Nc5 16. Nc3 Qc4 17. Nxc5 Qxc5 18. Qxc5 bxc5 19. Rf2 Ke7 20. Rd1 Rhd8 21. Rfd2 Rxd2 22. Rxd2 Rb8 23. b3 Ke6 24. Na4 c4 25. Nc5+ Ke7 26. Rd7+ Ke8 27. Rd4 cxb3 28. cxb3 a5 29. Na6 Rb6 30. Nxc7+ Ke7 31. Rd6 Rb7 32. Na6 Bb1 33. a4 Rxb3 34. Rxc6 Bd3 35. Nc5 Rc3 36. Kf2 Bc2 37. Rc7+ Ke8 38. Rc8+ Ke7 39. Rc7+ Ke8 40. Rc8+ Ke7 41. f4 h5 42. Rc7+ Ke8 43. Ke2 Bf5 44. Ne6 Bg4+ 45. Kd2 Rxc7 46. Nxc7+ Kd7 47. Nb5 Kc6 48. Nd6 Be6 49. Kc3 Kd5 50. Nc4 Ke4 51. Nxa5 Bd7 52. Kb4 Kxf4 53. Nc4 h4 54. a5 Bc6 55. g3+ hxg3 56. hxg3+ Kxg3 57. Kc5 Ba8 58. Nd6 Kf4 59. Nxf7 Kf5 60. Kd6 g5 61. e6 1-0